Gaming Quiz

Random Gaming or Blitz Quiz
Score 0/6 Timer 00:30
2 Plays Today
% Correct
Mrs. White
78.3%
Professor Plum
76.7%
Colonel Mustard
74.9%
Miss Scarlett
73.1%
Mr. Green (Reverend Green)
72.3%
Mrs. Peacock
47.4%

You're not logged in!

Compare scores with friends on all Sporcle quizzes.
OR
Log In

Sporcle TV

Today on Sporcle TV


Watch our educational content, quiz creation guides, and fun videos on Sporcle TV.

Show Comments

Extras

Top Quizzes Today


Score Distribution

Paid Content

Your Account Isn't Verified!

In order to create a playlist on Sporcle, you need to verify the email address you used during registration. Go to your Sporcle Settings to finish the process.

Report this User

Report this user for behavior that violates our Community Guidelines.

Details: